ARRUPE JESUIT UNIVERSITY

CORONAVIRUS -STOP THE SPREAD - CLEAN,DISINFECT,COVER

A very British coup / (Record no. 120694)

MARC details
000 -LEADER
fixed length control field 00882cam a22002655a 4500
001 - CONTROL NUMBER
control field 12622952
003 - CONTROL NUMBER IDENTIFIER
control field ARRUPE
005 - DATE AND TIME OF LATEST TRANSACTION
control field 20140611114455.0
008 - FIXED-LENGTH DATA ELEMENTS--GENERAL INFORMATION
fixed length control field 011217r20011982enk 000 1 eng
010 ## - LIBRARY OF CONGRESS CONTROL NUMBER
LC control number 2001391457
015 ## - NATIONAL BIBLIOGRAPHY NUMBER
National bibliography number GBA0-U8851
020 ## - INTERNATIONAL STANDARD BOOK NUMBER
International Standard Book Number 1902301927
035 ## - SYSTEM CONTROL NUMBER
System control number (OCoLC)ocm45580377
040 ## - CATALOGING SOURCE
Original cataloging agency UKM
Transcribing agency UKM
Modifying agency OCL
-- DLC
042 ## - AUTHENTICATION CODE
Authentication code lccopycat
300 ## - PHYSICAL DESCRIPTION
Dimensions 18 cm.
100 1# - MAIN ENTRY--PERSONAL NAME
Personal name Mullin, Chris.
9 (RLIN) 10804
245 12 - TITLE STATEMENT
Title A very British coup /
Statement of responsibility, etc Chris Mullin.
260 ## - PUBLICATION, DISTRIBUTION, ETC. (IMPRINT)
Place of publication, distribution, etc London :
Name of publisher, distributor, etc Corgi Books
Date of publication, distribution, etc 2001.
300 ## - PHYSICAL DESCRIPTION
Extent 220 p. ;
500 ## - GENERAL NOTE
General note Originally published: London: Hodder & Stoughton, 1982.
651 #4 - SUBJECT ADDED ENTRY--GEOGRAPHIC NAME
Geographic name Great Britain
General subdivision Politics and government
Form subdivision Fiction.
9 (RLIN) 10805
906 ## - LOCAL DATA ELEMENT F, LDF (RLIN)
a 0
b ibc
c copycat
d 2
e ncip
f 20
g y-gencatlg
942 ## - ADDED ENTRY ELEMENTS (KOHA)
Source of classification or shelving scheme Library of Congress Classification
Koha item type Monograph ( Printed materials)
Holdings
Withdrawn status Lost status Source of classification or shelving scheme Damaged status Not for loan Collection code Home library Current library Shelving location Date acquired Total Checkouts Full call number Barcode Date last seen Price effective from Koha item type
    Library of Congress Classification     Main Collection ARRUPE LIBRARY ARRUPE LIBRARY Main Collection 11/06/2014   PR6063.U456 V47 46500000556 11/06/2014 11/06/2014 Monograph ( Printed materials)

 

Arrupe Library. PO Box MP320 Mt Pleasant, Harare, Zimbabwe
263 242 745411|librarian@aju.ac.zw